[Event "Heusenstamm Sparkassen op-A 9th"]
[Site "Heusenstamm"]
[Date "2023.11.23"]
[Round "1"]
[White "Spelleken, Hans Gerd"]
[Black "Tremoehlen, Thomas"]
[Result "1/2-1/2"]
[WhiteElo "1700"]
[BlackElo "1976"]
[PlyCount "128"]
[EventDate "2023.11.23"]
[EventType "swiss"]
[EventRounds "7"]
[EventCountry "GER"]
[SourceTitle "CBM 217 Extra"]
[Source "ChessBase"]
[SourceDate "2024.01.31"]
[SourceVersion "1"]
[SourceVersionDate "2024.01.31"]
[SourceQuality "1"]

1. Nf3 Nf6 2. d4 e6 3. Nbd2 d5 4. e3 c5 5. c3 Nc6 6. Bd3 cxd4 7. exd4 Bd6 8. Qe2 Qc7 9. Bb5 Bd7 10. 0-0 Ne7 11. Bd3 Ng6 12. Bxg6 hxg6 13. Ne5 a6 14. Re1 Rh5 15. Ndf3 Bb5 16. Qc2 0-0-0 17. a4 Be8 18. h3 Ne4 19. c4 f6 20. Ng4 g5 21. c5 Bf4 22. b4 f5 23. Nge5 Bxc1 24. Rexc1 g4 25. hxg4 fxg4 26. Nh2 g3 27. fxg3 Nxg3 28. b5 a5 29. b6 Qe7 30. c6 Rxe5 31. cxb7+ Kxb7 32. dxe5 d4 33. Qd3 Qg5 34. Qf3+ Rd5 35. Kf2 Nf5 36. Ng4 Bh5 37. Rc7+ Kxb6 38. Rac1 Qd2+ 39. Kg1 Be8 40. Qb3+ Qb4 41. Qd3 Qxa4 42. R7c4 Bb5 43. Qb1 Qa3 44. Rc7 Qb4 45. Qc2 d3 46. Rc6+ Bxc6 47. Qxc6+ Ka7 48. Qxe6 Qb6+ 49. Qxb6+ Kxb6 50. Kf2 a4 51. Kf3 g6 52. e6 a3 53. Nf2 Kb5 54. g4 Nd4+ 55. Ke4 Rd8 56. e7 Re8 57. Kxd4 Rxe7 58. Kxd3 Rd7+ 59. Ke3 Re7+ 60. Ne4 Kb4 61. Rb1+ Kc4 62. Kf4 a2 63. Re1 Kd4 64. Rd1+ Kc4 1/2-1/2

[Event "Wiesbaden op 32nd"]
[Site "Wiesbaden"]
[Date "2023.08.26"]
[Round "5"]
[White "Ruppert, Wolfgang"]
[Black "Tremoehlen, Thomas"]
[Result "1/2-1/2"]
[WhiteElo "2165"]
[BlackElo "1953"]
[PlyCount "64"]
[EventDate "2023.08.24"]
[EventType "swiss"]
[EventRounds "7"]
[EventCountry "GER"]
[SourceTitle "CBM 216 Extra"]
[Source "ChessBase"]
[SourceDate "2023.11.30"]
[SourceVersion "1"]
[SourceVersionDate "2023.11.30"]
[SourceQuality "1"]

1. e4 c5 2. Nf3 Nc6 3. Bb5 g6 4. Bxc6 dxc6 5. d3 Bg7 6. Nc3 b6 7. h3 Qc7 8. Be3 e5 9. Qd2 h6 10. Nh2 Be6 11. f4 0-0-0 12. Nf3 f6 13. 0-0 g5 14. f5 Bf7 15. a4 a5 16. Qf2 Kb7 17. Rfb1 h5 18. g4 Bf8 19. Kg2 Nh6 20. Nh2 Bd6 21. Ne2 Rh7 22. c3 hxg4 23. hxg4 Bb3 24. Nc1 Bd1 25. Ne2 Bc2 26. Rh1 Bxd3 27. Ng3 Rdh8 28. b3 Ba6 29. Rad1 Qe7 30. Rd2 Bc7 31. c4 Kb8 32. Qe2 Bc8 1/2-1/2

[Event "Wiesbaden op 32nd"]
[Site "Wiesbaden"]
[Date "2023.08.25"]
[Round "3"]
[White "Gerhard, Dominik"]
[Black "Tremoehlen, Thomas"]
[Result "0-1"]
[WhiteElo "1628"]
[BlackElo "1953"]
[PlyCount "54"]
[EventDate "2023.08.24"]
[EventType "swiss"]
[EventRounds "7"]
[EventCountry "GER"]
[SourceTitle "CBM 216 Extra"]
[Source "ChessBase"]
[SourceDate "2023.11.30"]
[SourceVersion "1"]
[SourceVersionDate "2023.11.30"]
[SourceQuality "1"]

1. c4 Nf6 2. Nc3 g6 3. e4 d6 4. d4 Bg7 5. h3 0-0 6. Nf3 c5 7. d5 e6 8. Bd3 exd5 9. exd5 Re8+ 10. Be3 Bh6 11. Qd2 Qe7 12. Nd1 Ne4 13. Bxe4 Qxe4 14. 0-0 Bg7 15. Rc1 Bxh3 16. Nc3 Bxc3 17. Qxc3 Bxg2 18. Bh6 Re5 19. Nxe5 Bxf1 20. Nf3 Qg4+ 21. Kxf1 Qh3+ 22. Kg1 Qxh6 23. Re1 Qf8 24. Qf6 Nd7 25. Qe7 Rd8 26. Ng5 Ne5 27. Qxb7 h6 0-1

[Event "Heusenstamm Sparkassen op 8th"]
[Site "Heusenstamm"]
[Date "2022.11.17"]
[Round "1"]
[White "Krastev, Alexander"]
[Black "Tremoehlen, Thomas"]
[Result "1-0"]
[WhiteElo "2422"]
[BlackElo "1979"]
[PlyCount "33"]
[EventDate "2022.11.17"]
[EventType "swiss"]
[EventRounds "7"]
[EventCountry "GER"]
[SourceTitle "CBM 212 Extra"]
[Source "ChessBase"]
[SourceDate "2023.03.31"]
[SourceVersion "1"]
[SourceVersionDate "2023.03.31"]
[SourceQuality "1"]

1. e4 c5 2. Nc3 Nc6 3. Bb5 g6 4. Bxc6 dxc6 5. d3 Bg7 6. f4 Nh6 7. Nf3 Bg4 8. h3 Bxf3 9. Qxf3 f5 10. e5 Qc7 11. Be3 b6 12. d4 cxd4 13. Nb5 cxb5 14. Qxa8+ Kf7 15. Qd5+ e6 16. Qxd4 Rd8 17. Qc3 1-0

[Event "Heusenstamm Sparkassen op-A 7th"]
[Site "Heusenstamm"]
[Date "2021.11.21"]
[Round "6.49"]
[White "Tremoehlen, Thomas"]
[Black "Mehlen, Theodor"]
[Result "1-0"]
[WhiteElo "1982"]
[BlackElo "1861"]
[PlyCount "55"]
[EventDate "2021.11.18"]
[EventType "swiss"]
[EventRounds "7"]
[EventCountry "GER"]
[SourceTitle "EXT 2023"]
[Source "ChessBase"]
[SourceDate "2022.10.05"]
[SourceVersion "1"]
[SourceVersionDate "2022.10.05"]
[SourceQuality "1"]

1. d4 d5 2. Bf4 c5 3. e3 Nc6 4. c3 Nf6 5. Nd2 e6 6. Ngf3 Be7 7. Bd3 0-0 8. Ne5 g6 9. h4 cxd4 10. exd4 Nxe5 11. dxe5 Nh5 12. Bh6 Ng7 13. h5 Bg5 14. hxg6 fxg6 15. Bxg7 Kxg7 16. Rxh7+ Kg8 17. Bxg6 Rf5 18. Bxf5 Qf8 19. Bd3 Qf4 20. Qe2 d4 21. c4 b5 22. c5 Ba6 23. b4 Rf8 24. 0-0-0 Rf5 25. Bxf5 Qxf5 26. Rxa7 d3 27. Qf3 Bf4 28. Qa8+ 1-0

[Event "Heusenstamm Sparkassen op-A 7th"]
[Site "Heusenstamm"]
[Date "2021.11.20"]
[Round "5.52"]
[White "Muedder, Melanie"]
[Black "Tremoehlen, Thomas"]
[Result "1/2-1/2"]
[WhiteElo "1766"]
[BlackElo "1982"]
[PlyCount "28"]
[EventDate "2021.11.18"]
[EventType "swiss"]
[EventRounds "7"]
[EventCountry "GER"]
[SourceTitle "EXT 2023"]
[Source "ChessBase"]
[SourceDate "2022.10.05"]
[SourceVersion "1"]
[SourceVersionDate "2022.10.05"]
[SourceQuality "1"]

1. e4 c5 2. Nf3 Nc6 3. d4 cxd4 4. Nxd4 e5 5. Nb5 d6 6. N1c3 a6 7. Na3 b5 8. Nd5 Be6 9. c3 Be7 10. Nc2 Nf6 11. Nxf6+ Bxf6 12. Ne3 0-0 13. Be2 Ne7 14. Bf3 Bg5 1/2-1/2

[Event "Heusenstamm Sparkassen op-A 7th"]
[Site "Heusenstamm"]
[Date "2021.11.19"]
[Round "3.56"]
[White "Tietzen, Stefan"]
[Black "Tremoehlen, Thomas"]
[Result "1-0"]
[WhiteElo "1887"]
[BlackElo "1982"]
[PlyCount "57"]
[EventDate "2021.11.18"]
[EventType "swiss"]
[EventRounds "7"]
[EventCountry "GER"]
[SourceTitle "EXT 2023"]
[Source "ChessBase"]
[SourceDate "2022.10.05"]
[SourceVersion "1"]
[SourceVersionDate "2022.10.05"]
[SourceQuality "1"]

1. e4 c5 2. Nf3 Nc6 3. d4 cxd4 4. Nxd4 e5 5. Nb5 d6 6. N1c3 a6 7. Na3 Be7 8. Nc4 Nf6 9. Bg5 b5 10. Bxf6 gxf6 11. Ne3 Be6 12. a4 b4 13. Ncd5 Bxd5 14. Nxd5 Qa5 15. b3 Nd4 16. Bc4 h5 17. 0-0 Qc5 18. Rc1 Qa7 19. Kh1 f5 20. exf5 Bg5 21. Rb1 a5 22. Qd3 h4 23. Qe4 Kf8 24. Rbd1 Nc6 25. f6 Nd8 26. f4 exf4 27. Nxf4 Bxf6 28. Rxd6 Kg7 29. Rxf6 1-0

[Event "Heusenstamm Sparkassen op-A 7th"]
[Site "Heusenstamm"]
[Date "2021.11.19"]
[Round "2.34"]
[White "Tremoehlen, Thomas"]
[Black "Klundt, Klaus"]
[Result "0-1"]
[WhiteElo "1982"]
[BlackElo "2307"]
[PlyCount "74"]
[EventDate "2021.11.18"]
[EventType "swiss"]
[EventRounds "7"]
[EventCountry "GER"]
[SourceTitle "EXT 2023"]
[Source "ChessBase"]
[SourceDate "2022.10.05"]
[SourceVersion "1"]
[SourceVersionDate "2022.10.05"]
[SourceQuality "1"]

1. d4 Nf6 2. Bf4 d5 3. e3 e6 4. Nd2 Bd6 5. Bg3 0-0 6. Ngf3 c5 7. c3 b6 8. Bd3 Bb7 9. Ne5 Nc6 10. Qe2 Qc7 11. f4 Ne7 12. Qf3 Nf5 13. Bf2 Be7 14. g4 Nd6 15. g5 Nfe4 16. Rg1 c4 17. Bc2 b5 18. Qh3 b4 19. Ng4 bxc3 20. bxc3 g6 21. Bxe4 dxe4 22. Nf6+ Bxf6 23. gxf6 Nf5 24. Nf1 Qd8 25. Bh4 Qa5 26. Kd2 Rab8 27. Ng3 Bc6 28. Ne2 Rb2+ 29. Ke1 Rfb8 30. Rg5 Rxe2+ 31. Kxe2 Rb2+ 32. Kf1 Qxc3 33. Be1 Nxe3+ 34. Kg1 Qxd4 35. Bf2 Rxf2 36. Kxf2 Nf5+ 37. Ke2 Qb2+ 0-1

[Event "Wiesbaden op 31st"]
[Site "Wiesbaden"]
[Date "2019.08.24"]
[Round "4"]
[White "Tremoehlen, Thomas"]
[Black "Guelsen, Taylan"]
[Result "0-1"]
[WhiteElo "1989"]
[BlackElo "2144"]
[PlyCount "106"]
[EventDate "2019.08.22"]
[EventType "swiss"]
[EventRounds "7"]
[EventCountry "GER"]
[SourceTitle "EXT 2020"]
[Source "ChessBase"]
[SourceDate "2019.10.17"]
[SourceVersion "1"]
[SourceVersionDate "2019.10.17"]
[SourceQuality "1"]

1. d4 d5 2. Bf4 c5 3. e3 Nc6 4. c3 Bf5 5. Nf3 e6 6. Bb5 Qb6 7. Qa4 a6 8. Bxc6+ Qxc6 9. Qxc6+ bxc6 10. Ne5 cxd4 11. exd4 c5 12. dxc5 Bxc5 13. Nd2 Nf6 14. 0-0 0-0 15. h3 h6 16. Rfe1 Rfc8 17. Nb3 Bb6 18. Be3 Rab8 19. Rac1 a5 20. Bxb6 Rxb6 21. Nxa5 Rxb2 22. Nac6 Ra8 23. Nb4 d4 24. Nc4 dxc3 25. Nxb2 cxb2 26. Rb1 Bxb1 27. Rxb1 g5 28. Rxb2 Kg7 29. f3 h5 30. Kf2 Ra4 31. Rb3 Nd5 32. a3 Nf4 33. Nd3 Nxd3+ 34. Rxd3 f5 35. Ke2 Kf6 36. Re3 f4 37. Rb3 e5 38. Kd3 g4 39. hxg4 hxg4 40. Ke2 Kf5 41. Kd3 Kg5 42. Ke2 e4 43. fxe4 Rxe4+ 44. Kf2 Rc4 45. Rb2 g3+ 46. Ke2 Re4+ 47. Kd2 Kg4 48. Rb3 Re5 49. a4 Rh5 50. Rb2 Rh2 51. Kd3 Rxg2 52. Rxg2 f3 53. Rg1 f2 0-1

[Event "Heusenstamm Sparkassen op-A 5th"]
[Site "Heusenstamm"]
[Date "2018.11.23"]
[Round "2"]
[White "Hegel, Christoph"]
[Black "Tremoehlen, Thomas"]
[Result "1/2-1/2"]
[WhiteElo "1803"]
[BlackElo "1980"]
[PlyCount "40"]
[EventDate "2018.11.22"]
[EventType "swiss"]
[EventRounds "7"]
[EventCountry "GER"]
[SourceTitle "CBM 188 Extra"]
[Source "ChessBase"]
[SourceDate "2019.02.28"]
[SourceVersion "1"]
[SourceVersionDate "2019.02.28"]
[SourceQuality "1"]

1. e4 c5 2. Nc3 Nc6 3. f4 g6 4. Nf3 Bg7 5. Bb5 Nd4 6. Bd3 a6 7. Nxd4 cxd4 8. Ne2 d6 9. 0-0 Nh6 10. Bc4 e6 11. Qe1 f5 12. d3 Qc7 13. Bb3 Bd7 14. Ng3 0-0-0 15. Bd2 Rde8 16. Kh1 Nf7 17. Rc1 Kb8 18. c3 dxc3 19. Bxc3 Bxc3 20. Qxc3 Qxc3 1/2-1/2

[Event "Vellmar op 10th"]
[Site "Vellmar"]
[Date "2018.07.15"]
[Round "6"]
[White "Brouer, Pieter"]
[Black "Tremoehlen, Thomas"]
[Result "1/2-1/2"]
[WhiteElo "2026"]
[BlackElo "1980"]
[PlyCount "133"]
[EventDate "2018.07.12"]
[EventType "swiss"]
[EventRounds "7"]
[EventCountry "GER"]
[SourceTitle "CBM 185 Extra"]
[Source "ChessBase"]
[SourceDate "2018.07.29"]
[SourceVersion "1"]
[SourceVersionDate "2018.07.29"]
[SourceQuality "1"]

1. g3 g6 2. Bg2 Bg7 3. f4 d5 4. Nf3 Nf6 5. 0-0 0-0 6. d3 c5 7. c3 Nc6 8. Na3 Re8 9. Nh4 h6 10. e4 dxe4 11. dxe4 e5 12. Qxd8 Rxd8 13. Be3 b6 14. Nb5 Ne8 15. f5 g5 16. Nf3 a6 17. Na3 Nd6 18. Nd2 a5 19. Rfd1 Ba6 20. Bf1 Bxf1 21. Kxf1 Bf8 22. Nac4 Rab8 23. a4 f6 24. Nxd6 Bxd6 25. Nc4 Bc7 26. Ke2 Kf7 27. h4 Rxd1 28. Rxd1 Rd8 29. hxg5 hxg5 30. Rxd8 Bxd8 31. Kd3 Ke7 32. Bd2 Kd7 33. Ne3 Ne7 34. b4 cxb4 35. cxb4 Nc6 36. Kc4 Nd4 37. bxa5 bxa5 38. Bc3 Ne2 39. g4 Kc6 40. Kd3 Nf4+ 41. Kc4 Ne2 42. Bb2 Nf4 43. Ba3 Nh3 44. Nd1 Nf4 45. Nc3 Nh3 46. Nd1 Nf4 47. Nc3 Nh3 48. Bc5 Nf4 49. Nd5 Ng2 50. Bf8 Nf4 51. Be7 Bxe7 52. Nxe7+ Kd6 53. Ng8 Nh3 54. Nxf6 Nf2 55. Kb5 Ke7 56. Nd5+ Kd6 57. Kxa5 Nxe4 58. Ne3 Kc5 59. Ka6 Kc6 60. a5 Nf6 61. Ka7 Kc7 62. a6 e4 63. Ka8 Kc8 64. Nc4 Kc7 65. Ne3 Kc8 66. Ka7 Kc7 67. Ka8 1/2-1/2

[Event "Rhein Main op-A 21st"]
[Site "Bad Homburg"]
[Date "2018.05.31"]
[Round "2"]
[White "Tremoehlen, Thomas"]
[Black "Nagelsdiek, Michael"]
[Result "1-0"]
[WhiteElo "1964"]
[BlackElo "2088"]
[PlyCount "29"]
[EventDate "2018.05.30"]
[EventType "swiss"]
[EventRounds "7"]
[EventCountry "GER"]
[SourceTitle "EXT 2019"]
[Source "ChessBase"]
[SourceDate "2018.10.10"]
[SourceVersion "1"]
[SourceVersionDate "2018.10.10"]
[SourceQuality "1"]

1. d4 Nf6 2. Bf4 d5 3. e3 c5 4. c3 e6 5. Nd2 Bd6 6. Bg3 Nc6 7. Ngf3 Qe7 8. Ne5 cxd4 9. exd4 Nd7 10. f4 f6 11. Qh5+ g6 12. Nxg6 Qf7 13. f5 Bxg3+ 14. hxg3 e5 15. Nxh8 1-0

[Event "Heusenstamm Sparkassen op-A 4th"]
[Site "Heusenstamm"]
[Date "2017.11.26"]
[Round "6"]
[White "Tremoehlen, Thomas"]
[Black "Hahn, Florian"]
[Result "0-1"]
[WhiteElo "1978"]
[BlackElo "2141"]
[PlyCount "90"]
[EventDate "2017.11.23"]
[EventType "swiss"]
[EventRounds "7"]
[EventCountry "GER"]
[SourceTitle "EXT 2019"]
[Source "ChessBase"]
[SourceDate "2018.10.10"]
[SourceVersion "1"]
[SourceVersionDate "2018.10.10"]
[SourceQuality "1"]

1. d4 Nf6 2. Bf4 g6 3. Nc3 d5 4. e3 Bg7 5. h4 h6 6. Be2 c6 7. Qd2 Nbd7 8. 0-0-0 b5 9. Bxb5 cxb5 10. Nxb5 0-0 11. Bc7 Qe8 12. Ba5 Nb6 13. Nc7 Qc6 14. Nxa8 Qxa8 15. Bxb6 axb6 16. f3 Qxa2 17. Qb4 Qa7 18. Ne2 h5 19. Kd2 Qc7 20. Ra1 Bf5 21. c3 e5 22. Ra6 Nd7 23. Qa4 exd4 24. cxd4 b5 25. Qb3 Nb6 26. Ke1 Nc4 27. Kf2 Bh6 28. f4 Qe7 29. Ng3 Bc2 30. Qc3 b4 31. Qe1 Bg7 32. Qc1 b3 33. Rh3 Re8 34. Nf1 Bf5 35. Rh2 Rc8 36. Kg1 Bd3 37. Rh3 Nb6 38. Qa1 Bxa6 39. Qxa6 Qc7 40. Qb5 Rb8 41. Qxb3 Nc4 42. Qa2 Qb7 43. f5 Qxb2 44. Qa7 Qb7 45. Qa2 Qb1 0-1

[Event "Heusenstamm Sparkassen op-A 4th"]
[Site "Heusenstamm"]
[Date "2017.11.25"]
[Round "4"]
[White "Tremoehlen, Thomas"]
[Black "Mueller, Werner7"]
[Result "0-1"]
[WhiteElo "1978"]
[BlackElo "2103"]
[PlyCount "94"]
[EventDate "2017.11.23"]
[EventType "swiss"]
[EventRounds "7"]
[EventCountry "GER"]
[SourceTitle "EXT 2019"]
[Source "ChessBase"]
[SourceDate "2018.10.10"]
[SourceVersion "1"]
[SourceVersionDate "2018.10.10"]
[SourceQuality "1"]

1. d4 Nf6 2. Bf4 g6 3. e3 Bg7 4. Nc3 d6 5. Be2 Nbd7 6. h4 h6 7. Qd2 c6 8. Nf3 Qa5 9. a3 a6 10. b4 Qc7 11. Bh2 e5 12. 0-0 0-0 13. Rad1 Re8 14. dxe5 dxe5 15. e4 Ng4 16. Bg3 Ndf6 17. Nh2 h5 18. Qd6 Qxd6 19. Rxd6 a5 20. Nxg4 hxg4 21. Bc4 axb4 22. axb4 Ra3 23. Bb3 Be6 24. Nb1 Rxb3 25. cxb3 Nxe4 26. Rd3 f5 27. Nd2 Nxd2 28. Rxd2 f4 29. Bh2 Bxb3 30. Rb1 Bd5 31. b5 Bf6 32. bxc6 bxc6 33. Rb6 Ra8 34. Rd1 Bxh4 35. g3 Bd8 36. Rb7 f3 37. Rdb1 Bg5 38. Kf1 e4 39. Ke1 e3 40. Rb8+ Rxb8 41. Rxb8+ Kf7 42. Rb4 Be6 43. fxe3 Bxe3 44. Re4 Bb6 45. Kd2 Ke7 46. Ke1 Kd6 47. Rf4 Bf5 0-1

[Event "Heusenstamm Sparkassen op-A 4th"]
[Site "Heusenstamm"]
[Date "2017.11.24"]
[Round "2"]
[White "Tremoehlen, Thomas"]
[Black "Kramer, Julian"]
[Result "0-1"]
[WhiteElo "1978"]
[BlackElo "2356"]
[PlyCount "60"]
[EventDate "2017.11.23"]
[EventType "swiss"]
[EventRounds "7"]
[EventCountry "GER"]
[SourceTitle "EXT 2019"]
[Source "ChessBase"]
[SourceDate "2018.10.10"]
[SourceVersion "1"]
[SourceVersionDate "2018.10.10"]
[SourceQuality "1"]

1. e4 c5 2. Nf3 d6 3. d4 cxd4 4. Nxd4 Nf6 5. Nc3 a6 6. Bg5 e6 7. f4 Nbd7 8. Qf3 Qc7 9. 0-0-0 b5 10. Bd3 Bb7 11. Qh3 b4 12. Nxe6 fxe6 13. Qxe6+ Be7 14. Na4 Nf8 15. Qb3 Qa5 16. e5 Bd5 17. Bc4 Bxc4 18. Qxc4 Qxa4 19. exf6 gxf6 20. Bxf6 Bxf6 21. Qe4+ Kf7 22. Qxa8 Qxa2 23. Qd5+ Qxd5 24. Rxd5 Be7 25. Ra5 Ne6 26. Rxa6 Rc8 27. Re1 Nc5 28. Ra7 Nd3+ 29. Kd2 Nxe1 30. Kxe1 Rxc2 0-1

[Event "Solingen Karneval op"]
[Site "Solingen"]
[Date "2017.02.26"]
[Round "4"]
[White "Harnack, Bernhard"]
[Black "Tremoehlen, Thomas"]
[Result "0-1"]
[WhiteElo "1711"]
[BlackElo "1937"]
[PlyCount "58"]
[EventDate "2017.02.24"]
[EventType "swiss"]
[EventRounds "5"]
[EventCountry "GER"]
[SourceTitle "EXT 2018"]
[Source "ChessBase"]
[SourceDate "2017.10.13"]
[SourceVersion "1"]
[SourceVersionDate "2017.10.13"]
[SourceQuality "1"]

1. e4 c5 2. Nf3 Nc6 3. Bb5 Na5 4. c3 a6 5. Ba4 b5 6. Bc2 e6 7. 0-0 Bb7 8. d3 Be7 9. Qe2 d6 10. Nbd2 Nf6 11. h3 0-0 12. Nh2 Qc7 13. f4 Nc6 14. g4 Nd7 15. g5 f5 16. Ndf3 Rae8 17. h4 e5 18. exf5 exf4 19. g6 Bxh4 20. gxh7+ Kh8 21. Nxh4 Rxe2 22. Ng6+ Kxh7 23. Rf3 Rxc2 24. Nxf8+ Nxf8 25. Rh3+ Kg8 26. Bxf4 Ne5 27. Bxe5 dxe5 28. Nf3 Bxf3 29. Rxf3 Qc6 0-1

[Event "Solingen Karneval op"]
[Site "Solingen"]
[Date "2017.02.25"]
[Round "3"]
[White "Tremoehlen, Thomas"]
[Black "Schimnatkowski, Lukas"]
[Result "0-1"]
[WhiteElo "1937"]
[BlackElo "1928"]
[PlyCount "114"]
[EventDate "2017.02.24"]
[EventType "swiss"]
[EventRounds "5"]
[EventCountry "GER"]
[SourceTitle "EXT 2018"]
[Source "ChessBase"]
[SourceDate "2017.10.13"]
[SourceVersion "1"]
[SourceVersionDate "2017.10.13"]
[SourceQuality "1"]

1. b3 e5 2. Bb2 d6 3. e3 g6 4. d4 Nd7 5. dxe5 dxe5 6. Bc4 Bg7 7. Nf3 Nh6 8. e4 0-0 9. h3 Kh8 10. Nbd2 f6 11. Qe2 Qe7 12. g4 Nb6 13. Bd3 Nf7 14. a4 Nd8 15. a5 Nd7 16. Nc4 Ne6 17. Ne3 c6 18. h4 Nf4 19. Qd2 Nc5 20. Qc3 Ncxd3+ 21. cxd3 Rd8 22. Rd1 b5 23. g5 b4 24. Qc2 Ba6 25. Nc4 Bxc4 26. Qxc4 c5 27. Bc1 Ne6 28. h5 gxh5 29. Rxh5 Qe8 30. Rh3 Rd7 31. Ke2 Nd4+ 32. Nxd4 Rxd4 33. Qa6 Rad8 34. Rdh1 Qg6 35. Rxh7+ Qxh7 36. Rxh7+ Kxh7 37. gxf6 R8d6 38. Qxa7 Rxf6 39. Be3 Rdd6 40. Qxc5 Rc6 41. Qxb4 Rc2+ 42. Kd1 Ra2 43. Ke1 Rc6 44. Kf1 Ra1+ 45. Kg2 Rg6+ 46. Kh2 Rag1 47. Qe7 R1g4 48. Kh3 Rg1 49. Kh2 R1g2+ 50. Kh3 Kg8 51. a6 Rg1 52. Kh2 Bf8 53. Qxe5 R6g2+ 54. Kh3 Rg7 55. Qe6+ Kh8 56. Kh2 R1g6 57. Bd4 Rxe6 0-1